[Event "Aberto Brasil - II Niterói Chess Open "]
[Site "Salão de Convenções do Hot"]
[Date "2022.09.04"]
[Round "5.32"]
[White "Martins de Aguiar, Marina"]
[Black "Lima, Kleyton Alcantara"]
[Result "1/2-1/2"]
[WhiteElo "1874"]
[BlackElo "2107"]
[PlyCount "45"]
[EventDate "2022.09.01"]
[EventRounds "9"]
[EventCountry "BRA"]

1. e4 e5 2. d4 exd4 3. Qxd4 Nc6 4. Qe3 g6 5. Nc3 Bg7 6. Bd2 Nge7 7. O-O-O a6 8.
h4 h5 9. Nh3 d6 10. Ng5 Ne5 11. f3 Bd7 12. Be2 Qb8 13. Nd5 Nxd5 14. exd5 Qa7
15. Qxa7 Rxa7 16. Bc3 f6 17. Ne4 Kf7 18. Rhe1 b5 19. Ba5 Rb8 20. a3 Bh6+ 21.
Kb1 Bf5 22. Ng3 Bd7 23. Ne4 1/2-1/2

[Event "Aberto Brasil - II Niterói Chess Open "]
[Site "Salão de Convenções do Hot"]
[Date "2022.09.04"]
[Round "5.33"]
[White "Do Nascimento, Christian Almeida"]
[Black "Dos Santos, Thiago Lopes Verbic"]
[Result "1-0"]
[WhiteElo "2089"]
[BlackElo "1865"]
[PlyCount "35"]
[EventDate "2022.09.01"]
[EventRounds "9"]
[EventCountry "BRA"]

1. d4 d5 2. Bf4 c5 3. e3 Nc6 4. Nf3 Qb6 5. Nc3 Nf6 6. Nb5 e5 7. dxe5 Nh5 8. e6
Nxf4 9. exf7+ Kxf7 10. exf4 h6 11. Qxd5+ Be6 12. Qh5+ g6 13. Ng5+ Kf6 14. Qh4
Bf5 15. Ne4+ Kg7 16. Qf6+ Kh7 17. Qf7+ Bg7 18. Nf6# 1-0

[Event "Aberto Brasil - II Niterói Chess Open "]
[Site "Salão de Convenções do Hot"]
[Date "2022.09.04"]
[Round "5.34"]
[White "De Carvalho, Vitor Augusto Ponci"]
[Black "Karoly, Carlos Acacio Gomes"]
[Result "1-0"]
[WhiteElo "2058"]
[BlackElo "1854"]
[PlyCount "81"]
[EventDate "2022.09.01"]
[EventRounds "9"]
[EventCountry "BRA"]

1. e4 d6 2. d4 Nf6 3. Nc3 g6 4. Bg5 c6 5. Qd2 Nbd7 6. O-O-O Qa5 7. f4 h6 8. Bh4
b5 9. e5 b4 10. Nb1 Ne4 11. Qe1 d5 12. e6 fxe6 13. Bd3 Rg8 14. Bxe4 dxe4 15.
Qxe4 Qd5 16. Qxd5 cxd5 17. Nf3 Bg7 18. c3 a5 19. Rhe1 Nb6 20. b3 bxc3 21. Nxc3
Bd7 22. Re2 Kf7 23. Ne5+ Bxe5 24. dxe5 Rgc8 25. Rc2 a4 26. Bf2 axb3 27. axb3
Ra1+ 28. Kd2 Rxd1+ 29. Nxd1 Rxc2+ 30. Kxc2 d4 31. Kd3 Nd5 32. g3 g5 33. fxg5
hxg5 34. Kxd4 Kg6 35. Ne3 Nxe3 36. Bxe3 g4 37. Kc5 Kf5 38. Bf4 Ke4 39. b4 Kd3
40. b5 Kc3 41. b6 1-0

[Event "Aberto Brasil - II Niterói Chess Open "]
[Site "Salão de Convenções do Hot"]
[Date "2022.09.04"]
[Round "5.35"]
[White "Lopes, Artur Farias"]
[Black "Brito, Vicente De Paulo Al"]
[Result "1-0"]
[WhiteElo "2037"]
[BlackElo "1806"]
[PlyCount "107"]
[EventDate "2022.09.01"]
[EventRounds "9"]
[EventCountry "BRA"]

1. e4 e6 2. d4 d5 3. Nc3 Bb4 4. e5 c5 5. a3 Bxc3+ 6. bxc3 Ne7 7. Nf3 Qc7 8. Bd3
Nbc6 9. O-O c4 10. Be2 Qa5 11. Qd2 Qa4 12. Nh4 g5 13. Nf3 h6 14. Ne1 Ng6 15. g3
Rg8 16. Ng2 Bd7 17. Ne3 O-O-O 18. Ng4 Rh8 19. Nf6 Nce7 20. Rb1 Ng8 21. Nh5 f6
22. exf6 Rf8 23. Rb4 Qa5 24. a4 Nxf6 25. Ba3 Ne4 26. Qe3 Nd6 27. Bg4 Nf5 28.
Qe2 Rf7 29. Bc1 Nxd4 30. Qd1 Nc6 31. Rb1 Nce5 32. Be2 Rhf8 33. Ba3 Re8 34. Bd6
Qa6 35. Bc5 b6 36. Bd6 Nc6 37. Ra1 Na5 38. Qd4 Qb7 39. Rfb1 e5 40. Qd2 Qc6 41.
Bb4 Nb7 42. a5 b5 43. a6 Nd6 44. f3 e4 45. Qd4 Bh3 46. Bxd6 Qxd6 47. Rxb5 exf3
48. Bf1 f2+ 49. Kh1 Bf5 50. h3 Be4+ 51. Kh2 Nh4 52. Qc5+ Rc7 53. Qxd6 Nf3+ 54.
Kg2 1-0

[Event "Aberto Brasil - II Niterói Chess Open "]
[Site "Salão de Convenções do Hot"]
[Date "2022.09.04"]
[Round "5.36"]
[White "Araujo, Renan Aparecido"]
[Black "Baeta, Marcio Netto"]
[Result "1-0"]
[WhiteElo "2031"]
[BlackElo "1799"]
[PlyCount "45"]
[EventDate "2022.09.01"]
[EventRounds "9"]
[EventCountry "BRA"]

1. e4 Nf6 2. e5 Nd5 3. d4 d6 4. c4 Nb6 5. f4 dxe5 6. fxe5 c5 7. d5 e6 8. Nc3
exd5 9. cxd5 c4 10. d6 Nc6 11. Nf3 Bg4 12. Bf4 f6 13. Nd5 Nxd5 14. Qxd5 Qa5+
15. Qxa5 Nxa5 16. O-O-O fxe5 17. Bxe5 Nc6 18. Bf4 b5 19. b3 Na5 20. Bd2 Nb7 21.
Re1+ Kd7 22. Bg5 Kc8 23. Re8+ 1-0

[Event "Aberto Brasil - II Niterói Chess Open "]
[Site "Salão de Convenções do Hot"]
[Date "2022.09.04"]
[Round "5.37"]
[White "Feller, Gabriela Luisa Vice"]
[Black "Urquiza, Marcello De Albuque"]
[Result "1/2-1/2"]
[WhiteElo "1869"]
[BlackElo "2031"]
[PlyCount "91"]
[EventDate "2022.09.01"]
[EventRounds "9"]
[EventCountry "BRA"]

1. d4 d5 2. c4 c6 3. cxd5 cxd5 4. Nf3 Nf6 5. Nc3 Nc6 6. Bf4 a6 7. Ne5 e6 8.
Nxc6 bxc6 9. e3 Be7 10. Bd3 O-O 11. O-O c5 12. dxc5 Bxc5 13. Rc1 Bd6 14. Bxd6
Qxd6 15. Qe2 Bb7 16. Rfd1 Qb4 17. Bb1 e5 18. a3 Qh4 19. Qf3 Rab8 20. Qg3 Qxg3
21. hxg3 a5 22. Ba2 Rfd8 23. Rd2 Rd7 24. Rcd1 Rbd8 25. f3 Kf8 26. Na4 Rd6 27.
Nc5 Ba8 28. g4 h6 29. Nd3 Nd7 30. Nf2 Nb6 31. Ne4 Nd7 32. Nc3 Ke7 33. Kf2 Bb7
34. g3 f6 35. f4 Bc6 36. Ne2 Bb5 37. Nc3 Bc6 38. b3 Bb7 39. Ne2 Rc8 40. Bb1 Rc5
41. Ng1 Rc7 42. Nf3 Rc3 43. Ba2 d4 44. Rd3 dxe3+ 45. Rxe3 Rxe3 46. Kxe3 1/2-1/2

[Event "Aberto Brasil - II Niterói Chess Open "]
[Site "Salão de Convenções do Hot"]
[Date "2022.09.04"]
[Round "5.38"]
[White "Borsato, Ana Carolina Teodor"]
[Black "Dianda, Joao Carlos"]
[Result "0-1"]
[WhiteElo "1845"]
[BlackElo "2000"]
[PlyCount "54"]
[EventDate "2022.09.01"]
[EventRounds "9"]
[EventCountry "BRA"]

1. e4 c5 2. Nf3 d6 3. d4 cxd4 4. c3 Nf6 5. Bc4 Nxe4 6. Qxd4 Nf6 7. Bg5 e6 8.
O-O Be7 9. Re1 O-O 10. Qh4 Nbd7 11. Bd3 Re8 12. Re3 Nf8 13. c4 h6 14. Bxh6 gxh6
15. Ne5 dxe5 16. Rg3+ Ng6 17. Qxh6 e4 18. h4 exd3 19. h5 Nxh5 20. Qxh5 Kg7 21.
Nc3 Rh8 22. Qf3 Bd6 23. Rg4 f5 24. Rg3 Bxg3 25. Qxg3 Qh4 26. Qc7+ Kf6 27. f4
Qh2+ 0-1

[Event "Aberto Brasil - II Niterói Chess Open "]
[Site "Salão de Convenções do Hot"]
[Date "2022.09.04"]
[Round "5.39"]
[White "Silva, Ezequiel Demetras"]
[Black "Ferreira, Marcone Fiuza"]
[Result "0-1"]
[WhiteElo "1807"]
[BlackElo "1991"]
[PlyCount "70"]
[EventDate "2022.09.01"]
[EventRounds "9"]
[EventCountry "BRA"]

1. e4 c5 2. Nf3 a6 3. c4 e6 4. d4 cxd4 5. Nxd4 Nf6 6. Nc3 Qc7 7. Be3 Bb4 8. Bd3
b6 9. a3 Bxc3+ 10. bxc3 Bb7 11. Qc2 Ng4 12. Bc1 Ne5 13. O-O Nxd3 14. Qxd3 Nc6
15. Nxc6 Qxc6 16. f3 O-O 17. Be3 Rac8 18. Rab1 Qxc4 19. Qxc4 Rxc4 20. Rxb6 Bc6
21. Rxa6 Rxc3 22. Bd2 Rc2 23. Rd1 Rc8 24. Bb4 f6 25. Ra5 d5 26. exd5 Bxd5 27.
Ra7 Re2 28. Re1 Rcc2 29. Bd6 Rxg2+ 30. Kh1 e5 31. Bxe5 fxe5 32. Rd1 Rxh2+ 33.
Kg1 Rcg2+ 34. Kf1 Bc4+ 35. Ke1 Rh1# 0-1

[Event "Aberto Brasil - II Niterói Chess Open "]
[Site "Salão de Convenções do Hot"]
[Date "2022.09.04"]
[Round "5.40"]
[White "Souza Dos Santos, Matheus Garcett"]
[Black "Nunes, Agatha Hurba"]
[Result "1-0"]
[WhiteElo "1988"]
[BlackElo "1777"]
[PlyCount "65"]
[EventDate "2022.09.01"]
[EventRounds "9"]
[EventCountry "BRA"]

1. e4 e6 2. d4 d5 3. Nc3 Nf6 4. Bg5 dxe4 5. Nxe4 Be7 6. Bxf6 Bxf6 7. Nf3 O-O 8.
h4 b6 9. c3 Bb7 10. Bd3 Nd7 11. Nfg5 h6 12. Qh5 Qe7 13. O-O-O c5 14. Nf3 cxd4
15. cxd4 Bxe4 16. Bxe4 Rac8+ 17. Kb1 Qb4 18. Rhe1 Nc5 19. Bc2 Na4 20. Bb3 a5
21. Ne5 Nxb2 22. Kxb2 a4 23. Re3 axb3 24. Rxb3 Qa5 25. Qe2 Bxe5 26. Qxe5 Qxe5
27. dxe5 Rc6 28. Rd6 Rfc8 29. Rxc6 Rxc6 30. Rc3 Rxc3 31. Kxc3 Kf8 32. Kc4 Ke7
33. Kb5 1-0

[Event "Aberto Brasil - II Niterói Chess Open "]
[Site "Salão de Convenções do Hot"]
[Date "2022.09.04"]
[Round "5.41"]
[White "Domingues, Pedro Henrique Da S"]
[Black "Cantarino Neto, Mario Ribeiro"]
[Result "0-1"]
[WhiteElo "1841"]
[BlackElo "1973"]
[PlyCount "120"]
[EventDate "2022.09.01"]
[EventRounds "9"]
[EventCountry "BRA"]

1. e4 e5 2. Nf3 Nc6 3. Bb5 a6 4. Ba4 Nf6 5. O-O Be7 6. Re1 b5 7. Bb3 d6 8. c3
O-O 9. h3 Na5 10. Bc2 c5 11. d4 Qc7 12. d5 Nc4 13. b3 Nb6 14. Nbd2 c4 15. b4
Bd7 16. Nf1 a5 17. Ba3 a4 18. Ng3 g6 19. Bc1 Ne8 20. Bh6 Ng7 21. Qd2 a3 22.
Rad1 Na4 23. Bxa4 Rxa4 24. Nxe5 dxe5 25. d6 Bxd6 26. Qxd6 Qxd6 27. Rxd6 Ra7 28.
Red1 Be8 29. Be3 Ra8 30. Rf6 Ne6 31. Bh6 Ng7 32. Rd5 Rc8 33. Rdd6 Rc7 34. Nf1
Rd7 35. Ne3 Rxd6 36. Rxd6 f5 37. Nd5 Rf7 38. Nf6+ Kf8 39. Ra6 Bd7 40. Nxh7+ Ke8
41. Nf6+ Kd8 42. Ra8+ Bc8 43. Bxg7 Rxg7 44. Rxa3 Bb7 45. Ra7 Kc8 46. f3 Rf7 47.
Nd5 Bxd5 48. Rxf7 Bxf7 49. exf5 gxf5 50. g4 f4 51. h4 Kd8 52. Kg2 Ke7 53. Kh3
Kf6 54. Kg2 Bd5 55. Kf2 e4 56. fxe4 Bxe4 57. Ke2 Bc6 58. Kf2 Ke5 59. Ke2 Ke4
60. h5 Bd7 0-1

[Event "Aberto Brasil - II Niterói Chess Open "]
[Site "Salão de Convenções do Hot"]
[Date "2022.09.04"]
[Round "5.42"]
[White "Silva, Luiz Renato Marini"]
[Black "Pereira, Arthur Macedo"]
[Result "1-0"]
[WhiteElo "1965"]
[BlackElo "1703"]
[PlyCount "73"]
[EventDate "2022.09.01"]
[EventRounds "9"]
[EventCountry "BRA"]

1. e4 c5 2. Nf3 d6 3. d4 cxd4 4. Qxd4 Nc6 5. Bb5 Bd7 6. Bxc6 Bxc6 7. Nc3 Nf6 8.
Bg5 e6 9. O-O-O Be7 10. Rhe1 Qc7 11. Bxf6 gxf6 12. Kb1 b6 13. Nd5 Bxd5 14. exd5
e5 15. Qe4 O-O-O 16. Re3 Qd7 17. Nh4 Rdg8 18. h3 Rg5 19. g4 h5 20. Nf5 hxg4 21.
hxg4 Rh2 22. Rc3+ Kb7 23. f3 Rg8 24. Rc6 Rgh8 25. Qa4 Rh1 26. Kc1 Qd8 27. Qc4
Qd7 28. a4 R8h3 29. Rxh1 Rxh1+ 30. Kd2 Ra1 31. Kc3 Bf8 32. b3 Kb8 33. Kb2 Rh1
34. a5 bxa5 35. Qb5+ Ka8 36. Qxa5 Rh3 37. Rc7 1-0

[Event "Aberto Brasil - II Niterói Chess Open "]
[Site "Salão de Convenções do Hot"]
[Date "2022.09.04"]
[Round "5.43"]
[White "Segato, Pedro Henrique Pedr"]
[Black "Dioscanio, Rafael Cacador"]
[Result "1-0"]
[WhiteElo "1947"]
[BlackElo "1787"]
[PlyCount "67"]
[EventDate "2022.09.01"]
[EventRounds "9"]
[EventCountry "BRA"]

1. d4 d5 2. Bf4 Nf6 3. e3 Bf5 4. Nd2 e6 5. Ngf3 Bd6 6. Bg5 Nbd7 7. Nh4 Be7 8.
Nxf5 exf5 9. f3 Nh5 10. Bxe7 Qxe7 11. Qe2 O-O-O 12. O-O-O Nhf6 13. Qf2 Nb6 14.
Bd3 g6 15. Rhe1 Qb4 16. c3 Qa4 17. Kb1 Nc4 18. Nxc4 dxc4 19. Bc2 Qa5 20. e4 Rd6
21. e5 Ra6 22. exf6 Qxa2+ 23. Kc1 Rxf6 24. Bb1 Qa6 25. Re5 Re6 26. Rde1 Rd8 27.
Rxe6 fxe6 28. Qh4 c5 29. dxc5 Qc6 30. Qe7 Re8 31. Qxh7 g5 32. Qg6 Re7 33. Bxf5
Qxc5 34. Rxe6 1-0

[Event "Aberto Brasil - II Niterói Chess Open "]
[Site "Salão de Convenções do Hot"]
[Date "2022.09.04"]
[Round "5.44"]
[White "Caldeira, Adriano"]
[Black "Marcondes, Igor Dalcol"]
[Result "1/2-1/2"]
[WhiteElo "2192"]
[BlackElo "1783"]
[PlyCount "68"]
[EventDate "2022.09.01"]
[EventRounds "9"]
[EventCountry "BRA"]

1. e4 c6 2. d4 d5 3. Nd2 dxe4 4. Nxe4 Bf5 5. Ng3 Bg6 6. h4 h6 7. h5 Bh7 8. Nf3
Nd7 9. Bd3 Bxd3 10. Qxd3 e6 11. Bd2 Ngf6 12. O-O-O Bd6 13. Ne4 Nxe4 14. Qxe4
Nf6 15. Qe2 Bc7 16. Kb1 Qd5 17. Ka1 b5 18. Be3 Nxh5 19. c4 bxc4 20. Rc1 Nf4 21.
Bxf4 Bxf4 22. Rxc4 Bd6 23. Rhc1 O-O 24. Rxc6 Rfd8 25. g3 Be7 26. Rc7 Rd7 27.
R7c4 Bf6 28. Rc5 Qb7 29. Rb5 Rc8 30. Rxc8+ Qxc8 31. Rc5 Qb7 32. Rb5 Qc8 33. Rc5
Qb7 34. Rb5 Qc8 1/2-1/2

[Event "Aberto Brasil - II Niterói Chess Open "]
[Site "Salão de Convenções do Hot"]
[Date "2022.09.04"]
[Round "5.45"]
[White "Cardoso, Lucca Pimenta"]
[Black "Freitas, Andre Henrique Lemo"]
[Result "0-1"]
[WhiteElo "1780"]
[BlackElo "2184"]
[PlyCount "84"]
[EventDate "2022.09.01"]
[EventRounds "9"]
[EventCountry "BRA"]

1. d4 Nf6 2. c4 g6 3. Nf3 Bg7 4. g3 O-O 5. Bg2 c5 6. O-O d6 7. Nc3 Nc6 8. d5
Na5 9. Qd3 a6 10. Bf4 Bd7 11. a3 b5 12. cxb5 axb5 13. Nd2 c4 14. Qc2 Qc7 15.
Rac1 Rfc8 16. Na2 Qd8 17. Qb1 Rab8 18. Nb4 h6 19. h4 Ng4 20. Qa2 Qb6 21. Ne4
Nb3 22. Rcd1 f5 23. Nd2 Bd4 24. e3 Nxd2 25. Rxd2 Bf6 26. f3 Nxe3 27. Bxe3 Qxe3+
28. Rff2 f4 29. Kf1 fxg3 30. Rfe2 Qf4 31. h5 Bf5 32. hxg6 Bd3 33. Rxd3 cxd3 34.
Nxd3 Rc1+ 35. Nxc1 Qxc1+ 36. Re1 Qd2 37. Re2 Qd1+ 38. Re1 Qd3+ 39. Kg1 Bd4+ 40.
Kh1 Qxg6 41. Bh3 g2+ 42. Bxg2 Qh5+ 0-1

[Event "Aberto Brasil - II Niterói Chess Open "]
[Site "Salão de Convenções do Hot"]
[Date "2022.09.04"]
[Round "5.46"]
[White "Boabaid, Jorge Alberto Duard"]
[Black "Marcolino, Daniel Mattos"]
[Result "1-0"]
[WhiteElo "1780"]
[BlackElo "2030"]
[PlyCount "79"]
[EventDate "2022.09.01"]
[EventRounds "9"]
[EventCountry "BRA"]

1. e4 c6 2. d4 d5 3. exd5 cxd5 4. Bd3 Nc6 5. Ne2 Nb4 6. Bb5+ Bd7 7. Bxd7+ Qxd7
8. a3 Nc6 9. Nbc3 e6 10. Bf4 Nf6 11. Ng3 Be7 12. O-O O-O 13. Qd2 Rfc8 14. Nce2
Qd8 15. Kh1 Ne8 16. Ng1 g5 17. Be3 f5 18. f4 g4 19. Qd3 Nf6 20. N1e2 Kf7 21.
Nc3 h5 22. Rae1 h4 23. Nxf5 exf5 24. Qxf5 Qd7 25. Qxd7 Nxd7 26. Nxd5 Bd6 27. c4
Na5 28. c5 Bf8 29. f5 Nc4 30. Bg5 h3 31. gxh3 gxh3 32. Rf3 Re8 33. Rc1 Re4 34.
Rxh3 Rxd4 35. Rh7+ Bg7 36. f6 Nxf6 37. Rxg7+ Kf8 38. Bxf6 Rxd5 39. Rh7 Nxb2 40.
Bxb2 1-0

[Event "Aberto Brasil - II Niterói Chess Open "]
[Site "Salão de Convenções do Hot"]
[Date "2022.09.04"]
[Round "5.47"]
[White "Flores, Clarice Soares Leit"]
[Black "Gomes, Pedro Pessoa"]
[Result "0-1"]
[WhiteElo "1767"]
[BlackElo "2004"]
[PlyCount "60"]
[EventDate "2022.09.01"]
[EventRounds "9"]
[EventCountry "BRA"]

1. d4 Nf6 2. c4 e6 3. g3 c5 4. d5 exd5 5. cxd5 b5 6. Bg2 Bb7 7. h4 d6 8. Nh3
Nbd7 9. Qd3 c4 10. Qd1 g6 11. O-O Bg7 12. a3 Nc5 13. Nc3 Qd7 14. Nf4 O-O 15.
Re1 a5 16. a4 b4 17. Nb5 Nb3 18. Rb1 Ba6 19. Bh3 Qe7 20. Qc2 Bxb5 21. axb5 Nd4
22. Qd1 Nxb5 23. Be3 Rfb8 24. Bg2 c3 25. Qb3 Ne4 26. Qc2 Nxg3 27. Nxg6 hxg6 28.
Bg5 Qe5 29. fxg3 cxb2 30. Bf4 Qc3 0-1

[Event "Aberto Brasil - II Niterói Chess Open "]
[Site "Salão de Convenções do Hot"]
[Date "2022.09.04"]
[Round "5.48"]
[White "Da Silva, Diogo Viana"]
[Black "Lima, Vinicius Taishun"]
[Result "0-1"]
[WhiteElo "1750"]
[BlackElo "2002"]
[PlyCount "104"]
[EventDate "2022.09.01"]
[EventRounds "9"]
[EventCountry "BRA"]

1. d4 Nf6 2. c4 c5 3. d5 b5 4. Qc2 bxc4 5. e4 e6 6. Bxc4 exd5 7. exd5 d6 8. h3
Be7 9. Nf3 O-O 10. O-O Nbd7 11. Rd1 Nb6 12. b3 Bb7 13. Nc3 Re8 14. Bf4 g6 15.
Rac1 Bc8 16. Re1 Nh5 17. Bh2 Ng7 18. Re2 Bf5 19. Bd3 a6 20. Rce1 Qd7 21. Bf4
Bf8 22. Ng5 Rxe2 23. Rxe2 Re8 24. Nge4 Bxe4 25. Bxe4 Nh5 26. Bg5 h6 27. Bh4 Bg7
28. Bf3 Nf4 29. Rxe8+ Qxe8 30. Bg3 Qe1+ 31. Kh2 Bxc3 32. Bxf4 Be5 33. Bxe5
Qxe5+ 34. Kg1 Nxd5 35. Qd2 Nc3 36. Bb7 a5 37. Ba6 Kg7 38. a3 d5 39. f4 Qf6 40.
Bb7 d4 41. g3 Qe6 42. b4 axb4 43. axb4 Qxh3 44. bxc5 Qxg3+ 45. Bg2 Qxf4 46.
Qxf4 Ne2+ 47. Kf1 Nxf4 48. Bh3 Nd5 49. c6 Kf6 50. Bg2 Nc7 51. Ke2 Ke5 52. Kd3
f5 0-1

[Event "Aberto Brasil - II Niterói Chess Open "]
[Site "Salão de Convenções do Hot"]
[Date "2022.09.04"]
[Round "5.49"]
[White "Hubner, Jessica Trindade"]
[Black "Ramos, Angelo Bil"]
[Result "0-1"]
[WhiteElo "1727"]
[BlackElo "2003"]
[PlyCount "160"]
[EventDate "2022.09.01"]
[EventRounds "9"]
[EventCountry "BRA"]

1. e4 c5 2. Nf3 Nc6 3. d4 cxd4 4. Nxd4 Nf6 5. Nc3 e5 6. Ndb5 d6 7. Nd5 Nxd5 8.
exd5 Nb8 9. c4 Be7 10. Bd3 a6 11. Nc3 Nd7 12. O-O O-O 13. b3 f5 14. Bb2 e4 15.
Bc2 Ne5 16. Ne2 Bf6 17. Bd4 Qe7 18. f3 exf3 19. gxf3 Bd7 20. Kh1 Rae8 21. Ng3
g6 22. Qd2 Bg7 23. Qf2 Qh4 24. Bxe5 Bxe5 25. Rae1 Bd4 26. Qg2 Kh8 27. Qd2 Qf6
28. Rxe8 Rxe8 29. Re1 Rxe1+ 30. Qxe1 b6 31. Qe2 a5 32. Bd3 Kg7 33. Qg2 Kf7 34.
Qe2 Qe5 35. Kg2 Qxe2+ 36. Nxe2 Be5 37. f4 Bb2 38. Kg3 Kf6 39. h4 h6 40. Ng1 g5
41. hxg5+ hxg5 42. fxg5+ Kxg5 43. Nf3+ Kf6 44. Kf4 Bc1+ 45. Kg3 Be3 46. Ne1 f4+
47. Kf3 Kg5 48. Bh7 Bg4+ 49. Ke4 Bd1 50. Bg8 Kg4 51. Kd3 Kg3 52. Bh7 Kf2 53.
Nc2 Bc5 54. Be4 f3 55. Kd2 Be2 56. a3 Kg1 57. Bxf3 Bxf3 58. b4 Bf2 59. bxa5
bxa5 60. Na1 Bc5 61. Nb3 Bxa3 62. Nxa5 Bb4+ 63. Ke3 Bxa5 64. Kxf3 Bb6 65. Ke2
Kg2 66. Kd2 Kf3 67. Kd3 Bc5 68. Kd2 Ke4 69. Kc3 Ba7 70. Kc2 Kd4 71. Kd2 Kxc4
72. Kc2 Kxd5 73. Kd3 Bc5 74. Kc2 Kc4 75. Kd2 Kd4 76. Kc2 Ke4 77. Kd1 Kd3 78.
Kc1 d5 79. Kd1 Be3 80. Ke1 Kc2 0-1

[Event "Aberto Brasil - II Niterói Chess Open "]
[Site "Salão de Convenções do Hot"]
[Date "2022.09.04"]
[Round "5.50"]
[White "Marcolino, Antonio Claudio H."]
[Black "Melo, Igor De Souza"]
[Result "0-1"]
[WhiteElo "1996"]
[BlackElo "1741"]
[PlyCount "98"]
[EventDate "2022.09.01"]
[EventRounds "9"]
[EventCountry "BRA"]

1. c4 e5 2. Nc3 Nf6 3. g3 d5 4. cxd5 Nxd5 5. Bg2 Nb6 6. e3 Nc6 7. Nge2 Bg4 8.
O-O Qd7 9. f3 Bh3 10. d4 Bxg2 11. Kxg2 exd4 12. exd4 O-O-O 13. Qb3 h5 14. h4 f6
15. Bf4 g5 16. hxg5 fxg5 17. Bxg5 Be7 18. Bf4 Bd6 19. d5 Ne7 20. Rfd1 Bxf4 21.
Nxf4 Nf5 22. Ne4 Rdg8 23. Kf2 h4 24. g4 Ng3 25. Nf6 Qd6 26. Nxg8 Qxf4 27. Ne7+
Kb8 28. Qd3 Re8 29. Re1 Nh1+ 30. Kg2 Qg3+ 31. Kxh1 Qh3+ 32. Kg1 Qg3+ 33. Kf1
Qh3+ 34. Kf2 Qg3+ 35. Ke2 Rxe7+ 36. Kd2 Qf2+ 37. Re2 Rxe2+ 38. Qxe2 Qd4+ 39.
Qd3 Qxb2+ 40. Ke3 Qxa1 41. Qh7 Nxd5+ 42. Kd2 Qc3+ 43. Kd1 Qxf3+ 44. Kc1 Qc3+
45. Kb1 Qb4+ 46. Kc1 Qc5+ 47. Kb2 Qc3+ 48. Kb1 Qe1+ 49. Kb2 Qd2+ 0-1

[Event "Aberto Brasil - II Niterói Chess Open "]
[Site "Salão de Convenções do Hot"]
[Date "2022.09.04"]
[Round "5.51"]
[White "De Albuquerque, Ian Telek C."]
[Black "Carrillo Marval, Maria Angelica"]
[Result "1-0"]
[WhiteElo "1958"]
[BlackElo "1734"]
[PlyCount "51"]
[EventDate "2022.09.01"]
[EventRounds "9"]
[EventCountry "BRA"]

1. e4 c5 2. Nf3 d6 3. b4 cxb4 4. d4 Nf6 5. Bd3 Bg4 6. a3 Nc6 7. Be3 bxa3 8.
Nxa3 Nb4 9. Bb5+ Bd7 10. c3 Nc6 11. d5 Nb8 12. Qa4 Na6 13. O-O Rc8 14. Rad1 Nc5
15. Bxc5 Rxc5 16. e5 Nxd5 17. exd6 e6 18. Ne5 Nb6 19. Bxd7+ Nxd7 20. Nb5 Rxb5
21. Qxb5 a6 22. Qe2 Qa5 23. Nxd7 Kxd7 24. Qf3 Bxd6 25. Qxb7+ Qc7 26. Rxd6+ 1-0

[Event "Aberto Brasil - II Niterói Chess Open "]
[Site "Salão de Convenções do Hot"]
[Date "2022.09.04"]
[Round "5.52"]
[White "Castro Silva, Alex"]
[Black "Pavao, Fabio Biasi"]
[Result "1-0"]
[WhiteElo "1928"]
[BlackElo "1737"]
[PlyCount "63"]
[EventDate "2022.09.01"]
[EventRounds "9"]
[EventCountry "BRA"]

1. e4 c5 2. Nf3 Nc6 3. d4 cxd4 4. Nxd4 g6 5. Nc3 Bg7 6. Be3 Nf6 7. f3 O-O 8.
Qd2 d5 9. Nxc6 bxc6 10. O-O-O Bb7 11. Be2 Qa5 12. Bh6 dxe4 13. Bxg7 Kxg7 14.
fxe4 Qe5 15. h4 Rfd8 16. Qe3 Nd5 17. Qc5 Qf4+ 18. Kb1 Nxc3+ 19. Qxc3+ f6 20.
Qb4 Qc7 21. h5 c5 22. Qc4 Qe5 23. hxg6 hxg6 24. Rxd8 Rxd8 25. Qb3 Bxe4 26. Qh3
g5 27. Bc4 e6 28. Bxe6 Kf8 29. Qh6+ Ke7 30. Bb3 Rf8 31. Qg7+ Ke8 32. Ba4+ 1-0

[Event "Aberto Brasil - II Niterói Chess Open "]
[Site "Salão de Convenções do Hot"]
[Date "2022.09.04"]
[Round "5.53"]
[White "Rabello, Gabriel Urubatan Fr"]
[Black "Baptista, Andre Kemper"]
[Result "1/2-1/2"]
[WhiteElo "1700"]
[BlackElo "1900"]
[PlyCount "65"]
[EventDate "2022.09.01"]
[EventRounds "9"]
[EventCountry "BRA"]

1. e4 e5 2. Nf3 Nf6 3. d4 exd4 4. e5 Ne4 5. Qxd4 d5 6. exd6 Nxd6 7. Nc3 Nc6 8.
Qf4 Bf5 9. Bb5 Bd7 10. O-O Be7 11. Bxc6 Bxc6 12. Ne5 Bd7 13. Nd5 Be6 14. Nxe7
Qxe7 15. Qa4+ c6 16. Bf4 O-O 17. Rad1 Rfd8 18. Qb4 Nf5 19. Qxe7 Nxe7 20. Rfe1
Nd5 21. Bg3 h6 22. c3 Nf6 23. c4 Nh5 24. b3 Nxg3 25. hxg3 Kf8 26. Nd3 Ke7 27.
Nc5 Rxd1 28. Rxd1 b6 29. Nxe6 Kxe6 30. f4 Rc8 31. Kf2 Rc7 32. g4 c5 33. Kf3
1/2-1/2

[Event "Aberto Brasil - II Niterói Chess Open "]
[Site "Salão de Convenções do Hot"]
[Date "2022.09.04"]
[Round "5.54"]
[White "Jorge, Denrick Cabral Jose"]
[Black "Fernandes, Joao Manoel Strauss"]
[Result "1-0"]
[WhiteElo "1892"]
[BlackElo "1688"]
[PlyCount "79"]
[EventDate "2022.09.01"]
[EventRounds "9"]
[EventCountry "BRA"]

1. e4 e5 2. f4 exf4 3. Nf3 d6 4. Bc4 g5 5. h4 f6 6. Qe2 Nc6 7. c3 g4 8. Nd4
Nxd4 9. cxd4 h5 10. d3 Bh6 11. Nc3 c6 12. Rf1 b5 13. Bb3 b4 14. Nd1 Ne7 15.
Bxf4 Bxf4 16. Rxf4 Ng6 17. Rf1 Qe7 18. Ne3 Nxh4 19. O-O-O Ng6 20. Qf2 Rf8 21.
Nf5 Qc7 22. Qg3 Bxf5 23. exf5 Nh8 24. Rfe1+ Kd8 25. Qh2 Nf7 26. Qxh5 Kc8 27.
Qxg4 Ng5 28. Re2 Kb7 29. Rde1 Rad8 30. Kb1 Rd7 31. d5 c5 32. Ba4 Rg7 33. Bc6+
Kb6 34. Qc4 a6 35. a3 bxa3 36. bxa3 Ka7 37. d4 Rb8+ 38. Ka2 cxd4 39. Qxd4+ Qb6
40. Re7+ 1-0

[Event "Aberto Brasil - II Niterói Chess Open "]
[Site "Salão de Convenções do Hot"]
[Date "2022.09.04"]
[Round "5.55"]
[White "Silverio, Vitor Luis De Jesus"]
[Black "Da Costa, Loyson Rodrigues"]
[Result "0-1"]
[WhiteElo "1689"]
[BlackElo "1891"]
[PlyCount "43"]
[EventDate "2022.09.01"]
[EventRounds "9"]
[EventCountry "BRA"]

1. d4 d5 2. Bf4 Bf5 3. e3 Nf6 4. Bd3 Bxd3 5. Qxd3 a6 6. Nf3 e6 7. Nbd2 Be7 8.
O-O O-O 9. h3 Nbd7 10. c4 c5 11. Rac1 dxc4 12. Nxc4 b5 13. Nce5 c4 14. Qd2 Rc8
15. b3 cxb3 16. Nc6 Qe8 17. Nxe7+ Qxe7 18. axb3 Nd5 19. Bg3 N7f6 20. Bh4 Qa3
21. Bxf6 Nxf6 22. Qd3 0-1